000 01919cam a22005054i 4500
003 PE-LiUPU
005 20250731173038.0
008 170411r20171970ohu r 000 0 eng
020 _a1945125454
020 _a9781945125454
035 _a(Sirsi) i9781945125454
035 _a(OCoLC)982373758
040 _aDLC
_bspa
_erda
_cDLC
_dOCLCF
_dYDX
_dOCLCO
_dOCLCQ
_dPE-LiUPU
049 _aPRUA
050 0 0 _aBR333.33
_b.H33 2017
082 0 0 _a230.41
_bH12
_223
100 1 _aHacker, Paul,
_d1913-1979,
_eautor.
245 1 0 _aFaith in Luther :
_bMartin Luther and the origin of anthropocentric religion /
_cPaul Hacker ;Reinhard Hütter ; Joseph Ratzinger.
264 1 _aSteubenville, Ohio :
_bEmmaus Academic,
_c[2017]
300 _axxx, 170 páginas ;
_c23 centímetros
336 _atext
_2rdacontent
337 _aunmediated
_2rdamedia
338 _avolume
_2rdacarrier
505 _aThe new conception of faith -- From humility to opposition -- Faith and holy scripture -- Faith and love -- The sacraments and the church -- Disjointed spirituality.
526 _aSEG42
526 _aSEG41
526 _aSEG40
526 _aSEG39
526 _aP94
526 _aP87
526 _aP86
526 _aP85
526 _aP77
526 _aP76
526 _aP35
600 1 4 _aMartin Lutero,
_d1483-1546.
600 1 7 _aLuther, Martin,
_d1483-1546.
_2fast
_0(OCoLC)fst00040681
910 _adbm
_bebj
_cebj
_d20171214
942 _2ddc
_cBOOK
949 _a230.41 H12
_wDEWEY
_c1
_i77563
_lCATALOGING
_mBUL
_p15.00
_r0
_sY
_tBOOK
_u2017-12-14
_xPOSGRADO
_PP85
_0DONACION
_o.STAFF. Colección Teología.
994 _aC0
_bPEPRU
596 _a1
999 _a230.41 H12
_wDEWEY
_c26195
_i77563
_d26195
_f2021-11-9
_g4
_lCCODEBUL1
_mBUL
_p15.00
_q2
_r0
_sY
_tBOOK
_u2017-12-14
_xTEOLOGIA
_PP85
_0COMPRA
_o.STAFF. Colección Teología.
980 _81
_gALBERTO SANCHEZ Responsable de Automatización